| 000 | 00620nam a22002057a 4500 | ||
|---|---|---|---|
| 003 | OSt | ||
| 005 | 20170313154338.0 | ||
| 008 | 170313b xxu||||| |||| 00| 0 eng d | ||
| 020 | _a0340731338 | ||
| 040 | _c040a | ||
| 082 |
_aWY 100 _bH179c 2001 |
||
| 100 |
_aHolland, Karen _911831 |
||
| 245 |
_aCultural awareness in nursing and health care: _ban introductory text / _cKaren Holland, Christine Hogg |
||
| 260 |
_aLondon _bArnold _c2001 |
||
| 300 |
_axiii, 214p; _c14 cm. |
||
| 504 | _aIncludes bibliographical references and index | ||
| 650 |
_aNursing _9135 |
||
| 700 |
_aHogg, Christine _911832 |
||
| 942 |
_2z _cO_SHELF |
||
| 999 |
_c5678 _d5678 |
||